Chapitre Harry Potter 7 - Statistiques

Statistiques générales
  • Ce quiz a été pris 21 fois
  • Le résultat moyen est 22 sur 37
Statistiques - réponses
Numéro du chapitre Nom du chapitre % Correct
31 La bataille de Poudlard
80%
4 Les sept Potter
80%
16 Godric's Hollow
73%
26 Gringotts
73%
19 La biche argentée
73%
8 Le mariage
73%
20 Xenophilius Lovegood
73%
37 Dix-neuf ans plus tard
67%
2 In memoriam
67%
35 King's cross
67%
25 La chaumière aux coquillages
67%
3 Le départ des Dursley
67%
23 Le manoir des Malefoy
67%
11 Corruption
60%
32 La baguette de Sureau
60%
27 La dernière cachette
60%
12 La magie est puissance
60%
1 L'ascension du seigneur des ténèbres
60%
36 Le défaut du plan
60%
29 Le diadème perdu
60%
7 Le testament d'Albus Dumbledore
60%
14 Le voleur
60%
34 Retour dans la forêt
60%
18 Vie et mensonges d'Albus Dumbledore
60%
13 La commission d'enregistrement des nés-moldus
53%
6 La goule en pyjama
53%
15 La revanche du gobelin
53%
24 Le fabricant de baguettes
53%
5 Le guerrier tombé au combat
53%
28 Le miroir manquant
53%
10 Le récit de Kreattur
53%
33 Le récit du prince
53%
17 Le secret de Bathilda
53%
9 Un endroit où se cacher
53%
21 Le comte des trois frères
40%
30 Le renvoie de Severus Rogue
40%
22 Les reliques de la morts
27%
Aucun quiz correspondant
Distribution des résultats
% des personnes avec chaque résultat
Percentile par nombre de réponses
Votre historique - résultats
Vous n’avez pas pris ce quiz